<?xml version="1.0" encoding="UTF-8"?>
<record
    xmlns:xsi="http://www.w3.org/2001/XMLSchema-instance"
    xsi:schemaLocation="http://www.loc.gov/MARC21/slim http://www.loc.gov/standards/marcxml/schema/MARC21slim.xsd"
    xmlns="http://www.loc.gov/MARC21/slim">

  <leader>01581nam a2200421 i 4500</leader>
  <controlfield tag="001">55789</controlfield>
  <controlfield tag="003">KOSZ 005</controlfield>
  <controlfield tag="005">20240405063208.0</controlfield>
  <controlfield tag="008">080118s2007    pl a         |000 0dpol  </controlfield>
  <datafield tag="015" ind1=" " ind2=" ">
    <subfield code="a">PB 6894/2008</subfield>
  </datafield>
  <datafield tag="020" ind1=" " ind2=" ">
    <subfield code="a">9788388745003</subfield>
  </datafield>
  <datafield tag="040" ind1=" " ind2=" ">
    <subfield code="c">WA N</subfield>
    <subfield code="a">WA N</subfield>
    <subfield code="d">KOSZ 005/HR</subfield>
  </datafield>
  <datafield tag="041" ind1="0" ind2=" ">
    <subfield code="a">pol</subfield>
    <subfield code="b">fre</subfield>
  </datafield>
  <datafield tag="044" ind1=" " ind2=" ">
    <subfield code="a">pol</subfield>
  </datafield>
  <datafield tag="080" ind1=" " ind2=" ">
    <subfield code="a">74/76.071(438)"18/19"</subfield>
  </datafield>
  <datafield tag="080" ind1=" " ind2=" ">
    <subfield code="a">(084.1)</subfield>
  </datafield>
  <datafield tag="100" ind1="1" ind2=" ">
    <subfield code="a">Wyspia&#x144;ski, Stanis&#x142;aw</subfield>
    <subfield code="d">(1869-1907)</subfield>
    <subfield code="e">Autor</subfield>
  </datafield>
  <datafield tag="245" ind1="1" ind2="0">
    <subfield code="a">Dzie&#x142;a malarskie /</subfield>
    <subfield code="c">Stanis&#x142;aw Wyspia&#x144;ski ; [tekst napisali Stanis&#x142;aw Przybyszewski i Tadeusz &#x17B;uk-Skarszewski].</subfield>
  </datafield>
  <datafield tag="260" ind1=" " ind2=" ">
    <subfield code="a">Prosz&#xF3;wki :</subfield>
    <subfield code="b">Ziemia Boche&#x144;ska - Stowarzyszenie Rozwoju Regionu,</subfield>
    <subfield code="c">[2007].</subfield>
  </datafield>
  <datafield tag="300" ind1=" " ind2=" ">
    <subfield code="a">131, LXXXVI s., [12] s. tabl. luzem :</subfield>
    <subfield code="b">il. (w tym kolor.) ;</subfield>
    <subfield code="c">34 cm.</subfield>
  </datafield>
  <datafield tag="380" ind1=" " ind2=" ">
    <subfield code="a">Ksi&#x105;&#x17C;ki</subfield>
  </datafield>
  <datafield tag="380" ind1=" " ind2=" ">
    <subfield code="a">Albumy i ksi&#x105;&#x17C;ki artystyczne</subfield>
  </datafield>
  <datafield tag="388" ind1=" " ind2=" ">
    <subfield code="a">2001-</subfield>
  </datafield>
  <datafield tag="490" ind1="1" ind2=" ">
    <subfield code="a">Skarby Kultury i Literatury Polskiej</subfield>
  </datafield>
  <datafield tag="534" ind1=" " ind2=" ">
    <subfield code="p">Repr., oryg.:</subfield>
    <subfield code="c">Warszawa : Instytut Wydawniczy "Bibljoteka Polska", 1925.</subfield>
  </datafield>
  <datafield tag="546" ind1=" " ind2=" ">
    <subfield code="a">Streszcz. fr.</subfield>
  </datafield>
  <datafield tag="600" ind1="1" ind2="7">
    <subfield code="a">Wyspia&#x144;ski, Stanis&#x142;aw</subfield>
    <subfield code="d">(1869-1907)</subfield>
  </datafield>
  <datafield tag="648" ind1=" " ind2="4">
    <subfield code="a">1801-1900</subfield>
  </datafield>
  <datafield tag="648" ind1=" " ind2="4">
    <subfield code="a">1901-2000</subfield>
  </datafield>
  <datafield tag="655" ind1=" " ind2="4">
    <subfield code="a">Sztuka polska</subfield>
  </datafield>
  <datafield tag="655" ind1=" " ind2="4">
    <subfield code="a">Album</subfield>
  </datafield>
  <datafield tag="658" ind1=" " ind2=" ">
    <subfield code="a">Kultura i sztuka</subfield>
  </datafield>
  <datafield tag="700" ind1="1" ind2=" ">
    <subfield code="a">Przybyszewski, Stanis&#x142;aw</subfield>
    <subfield code="d">(1868-1927)</subfield>
    <subfield code="e">Autor</subfield>
  </datafield>
  <datafield tag="700" ind1="1" ind2=" ">
    <subfield code="a">&#x17B;uk-Skarszewski, Tadeusz</subfield>
    <subfield code="d">(1858-1933)</subfield>
    <subfield code="e">Autor</subfield>
  </datafield>
  <datafield tag="830" ind1="0" ind2=" ">
    <subfield code="a">Skarby Kultury i Literatury Polskiej</subfield>
    <subfield code="v">1</subfield>
  </datafield>
  <datafield tag="856" ind1=" " ind2=" ">
    <subfield code="u">http://koha.tu.koszalin.pl/cgi-bin/koha/opac-detail.pl?biblionumber=55789</subfield>
    <subfield code="y">Katalog online BPK</subfield>
  </datafield>
  <datafield tag="942" ind1=" " ind2=" ">
    <subfield code="c">KS</subfield>
    <subfield code="2">UKD</subfield>
  </datafield>
  <datafield tag="999" ind1=" " ind2=" ">
    <subfield code="c">55789</subfield>
    <subfield code="d">55789</subfield>
  </datafield>
  <datafield tag="952" ind1=" " ind2=" ">
    <subfield code="0">0</subfield>
    <subfield code="1">0</subfield>
    <subfield code="4">0</subfield>
    <subfield code="7">1</subfield>
    <subfield code="a">ELBUD</subfield>
    <subfield code="b">ELBUD</subfield>
    <subfield code="c">b</subfield>
    <subfield code="o">89366</subfield>
    <subfield code="p">02468808</subfield>
    <subfield code="t">0/9(03) E.L</subfield>
    <subfield code="y">KS</subfield>
  </datafield>
</record>
